| 000 | 02397nam a22002177a 4500 | ||
|---|---|---|---|
| 005 | 20230804153607.0 | ||
| 008 | 230804b ||||| |||| 00| 0 eng d | ||
| 020 | _a9781071817940 | ||
| 040 | _cAL | ||
| 041 | _aeng | ||
| 100 |
_aJohn W Creswell _9129323 |
||
| 245 |
_aResearch design _b: Qualitative quantitative and mixed methods approaches |
||
| 250 | _a6th ed. | ||
| 260 |
_aLos Angeles _bSage _c2023 |
||
| 300 |
_axxvii,291p. _bPB _c25x17cm. |
||
| 365 |
_2General _aIN-697 _d1423.00 _f25-07-2023 |
||
| 520 | _aThe sixth edition of the best-selling text, Research Design: Qualitative, Quantitative, and Mixed Methods Approaches by John W. Creswell and J. David Crewel, continues to provide clear and concise instruction for designing research projects or developing research proposals. This user-friendly text walks readers through research methods, from reviewing the literature to writing a research question and stating a hypothesis to designing the study. At each step in the process, the authors address qualitative, quantitative, and mixed methods approaches to encourage readers to choose the approach that best fits the research question. Numerous examples draw from a wide variety of disciplines, featuring diverse philosophical ideas and modes of inquiry. Features like bullet points, numbered steps, and annotated research examples help students focus on the most important information in research design. The Sixth Edition has been fully revised to reflect the 7th edition of the Publication Manual of the American Psychological Association with more inclusive language, updated citation styles, and updated writing suggestions. Learning objectives are now included at the start of each chapter. To help readers better achieve these learning objectives, the authors have clarified and improved the writing exercises to help readers better achieve these learning objectives. The final three chapters detailing qualitative, quantitative, and mixed methods now have a parallel structure so readers can better compare and contrast these approaches. Chapter 10 on mixed methods in particular has been restructured to reflect the latest developments in mixed methods and best practices. New research examples throughout help capture and demonstrate new trends in research. | ||
| 650 |
_2General _aResearch Design _9129324 |
||
| 700 |
_aCreswell, J David _9129325 |
||
| 942 |
_2ddc _cBK |
||
| 999 |
_c228210 _d228210 |
||